000 00793nam a2200229 a 4500
001 71447
003 BD-RjUL
005 20211209082119.0
008 170503s1993 ii ||||| |||| 001 0 ben d
020 _a8170794382
_c : Tk. 40.00
035 _a(BD-RjUL)71663
040 _aBD-RjUL
_bben
_cBD-RjUL
_dBD-RjUL
041 _aben
082 _223
_a925
_bBAM 1993
100 1 0 _aবসু, জয়ন্ত
_9211385
245 1 0 _aমেঘনাদ সাহা ও বিজ্ঞানে যুগান্তর /
_cজয়ন্ত বসু
260 _aকলকাতা :
_bদে'জ পাবলিশিং,
_c১৯৯৩
300 _a১৪৪ পৃ./ ;
_c২২ সেমি.
650 _aবিজ্ঞানী
_9211386
650 _aScientists
_9211387
942 _2ddc
_cBK
999 _c71447
_d71447